000 01308nam a22003137a 4500
001 00187
003 DO-SdBNP
005 20180417082328.0
007 00187
008 160413b dr 1998||||| |||| 00| 0 spa d
040 _aBPMSU
_bspa
_cBPMSU
092 _a372.7
_bE74m 1ro. 1998
100 1 _aEscaño González, Martha
245 1 _aMatemática 1 /
_cMartha Escaño, Nurys del Carmen González de López
260 _aSanto Domingo :
_bSecretaría de Estado de Educación,
_c[20--?]
300 _a180 p. :
_bil.,
_c27 cm.
501 _aPlan Decenal de Educación
505 _t1 - La familia --
_t2 - Tu familia --
_t3 - La familia de Laura --
_t4 - Tus primos y primas --
_t5 - Tu escuela --
_t6 - En el parque de diversiones --
_t7 - El tiempo pasa --
_t8 - ¿Que hora es? --
_t9 - Las fiestas del mes de mayo --
_t10 - Las fiestas de la comunidad --
650 4 _aMATEMÁTICAS
_xENSEÑANZA BÁSICA
650 4 _aMATEMÁTICAS
_xEDUCACIÓN PRIMARIA
650 4 _aMATEMÁTICAS
_xLIBROS DE TEXTOS
650 4 _aMATEMÁTICAS
_xESTUDIOS Y EJERCICIOS
650 4 _aEDUCACIÓN PRIMARIA
_zREPÚBLICA DOMINICANA
700 1 2 _aGonzález de López, Nurys del Carmen
910 _aValidado. Control de calidad MFF
942 _2ddc
_cBK
945 _ainventariado, 2018 / dg
956 _aBrenda Tavárez
999 _c9755
_d9755